| 000 | 01309cam a2200361Ia 4500 | ||
|---|---|---|---|
| 999 |
_c2646 _d2646 |
||
| 001 | 215112 | ||
| 003 | GBCCL | ||
| 005 | 20241126110434.0 | ||
| 008 | 971231s1997 caua 000 0 eng d | ||
| 020 | _a0830717803 | ||
| 020 | _a9780830717804 | ||
| 035 | _a(OCoLC)ocm38146837 | ||
| 035 | _a(OCoLC)38146837 | ||
| 040 |
_aNTG _cNTG _dKMA _dBAKER _dITC _dYDXCP _dHNW _dTXAMP _dLBB |
||
| 049 |
_aLBBK _aLBBC |
||
| 082 | 0 | 4 |
_a248.844 _bPRE |
| 090 |
_aHQ10 _b.R35 1997 |
||
| 245 | 0 | 0 |
_aPreparing for marriage : _ba complete guide to help you discover God's plan for a lifetime of love / _cby David Boehi, Brent Nelson, Jeff Schulte & Lloyd Shadrach. |
| 260 |
_aVentura, CA : _bGospel Light, _cc1997. |
||
| 300 |
_a252 p. : _bill. ; _c23 cm. |
||
| 500 | _a"A homebuilders resource from FamilyLife." | ||
| 500 | _a"Dennis Rainey, General editor". | ||
| 520 | _aThe complete guide to help you discover God's plan for a lifetime of love. | ||
| 520 | _aChristian Library of Lancaster Collection. | ||
| 650 | 0 |
_aMarriage counseling. _93506 |
|
| 650 | 0 |
_aMarriage _xReligious aspects _xChristianity. _9295 |
|
| 700 | 1 |
_aBoehi, David. _95583 |
|
| 700 | 1 |
_aNelson, Brent. _95584 |
|
| 700 | 1 |
_aSchulte, Jeff. _95585 |
|
| 700 | 1 |
_aShadrach, Lloyd. _95586 |
|
| 700 | 1 |
_aRainey, Dennis, _d1948- _95478 |
|
| 942 |
_2ddc _cBK _037 |
||